000 00614nam a2200205Ia 4500
005 20250508162015.0
008 008 250505s9999 xx 000 0 eng d
037 _aTextual
040 _aFEDL
_beng
_cFEDL
041 _aeng
_2eng
084 _a420.7, BRO
_qFEDL
100 _aBrown Daphne M
_9772030
245 0 _aMother tongue to english : The young child in the multicultural school
260 _aCambridge
_bCambridge University Press
_c1979
300 _a172p.
365 _aGBP
_b7.5
650 _aChildren - Language
_9772031
942 _cTEXL
_h420.7, BRO
999 _c1373786
_d1373786